The vanishing point / Mary Sharratt.
Record details
- ISBN: 0618462333
- Physical Description: ix, 369 p. ; 21 cm.
- Publisher: Boston : Houghton Mifflin, 2006.
Content descriptions
| General Note: | "A Mariner original." |
Search for related items by subject
| Subject: | Maryland > History > Colonial period, ca. 1600-1775 > Fiction. Women immigrants > Fiction. Sisters > Death > Fiction. Plantation owners > Fiction. Plantation life > Fiction. |
| Genre: | Romantic suspense fiction. Historical fiction. |
| LDR | 01341cam a2200361 a 4500 | ||
|---|---|---|---|
| 001 | 70463 | ||
| 003 | LARL_NWRL_CONSORTIUM | ||
| 005 | 20060629103107.0 | ||
| 008 | 050711s2006 mau 000 1 eng | ||
| 010 | . | ‡a2005019777 | |
| 020 | . | ‡a0618462333 | |
| 024 | 3 | . | ‡a9780618462339 |
| 035 | . | ‡a(OCoLC)60931414 | |
| 040 | . | ‡aDLC ‡cDLC ‡dBAKER ‡dC#P | |
| 043 | . | ‡an-us-md | |
| 082 | 0 | 0. | ‡a813/.6 ‡222 |
| 100 | 1 | . | ‡aSharratt, Mary, ‡d1964- ‡0(LARL_NWRL_CONSORTIUM)43521 |
| 245 | 1 | 4. | ‡aThe vanishing point / ‡cMary Sharratt. |
| 260 | . | ‡aBoston : ‡bHoughton Mifflin, ‡c2006. | |
| 300 | . | ‡aix, 369 p. ; ‡c21 cm. | |
| 500 | . | ‡a"A Mariner original." | |
| 651 | 0. | ‡aMaryland ‡xHistory ‡yColonial period, ca. 1600-1775 ‡vFiction. | |
| 650 | 0. | ‡aWomen immigrants ‡vFiction. ‡0(LARL_NWRL_CONSORTIUM)167968 | |
| 650 | 0. | ‡aSisters ‡xDeath ‡vFiction. ‡0(LARL_NWRL_CONSORTIUM)175054 | |
| 650 | 0. | ‡aPlantation owners ‡vFiction. | |
| 650 | 0. | ‡aPlantation life ‡vFiction. ‡0(LARL_NWRL_CONSORTIUM)166611 | |
| 655 | 7. | ‡aRomantic suspense fiction. ‡2gsafd | |
| 655 | 7. | ‡aHistorical fiction. ‡2gsafd | |
| 901 | . | ‡a70463 ‡bOCLC ‡c70463 ‡tbiblio | |

Add to basket
Permalink
Disable Highlighting